Normal view
MARC view
- HAZARDOUS SUBSTANCES--TRANSPORTATION--LAW AND LEGISLATION
Entry Topical Term
001 - CONTROL NUMBER
- control field: 4062
003 - CONTROL NUMBER IDENTIFIER
- control field: CBULib
005 - DATE AND TIME OF LATEST TRANSACTION
- control field: 20241128142206.0
008 - FIXED-LENGTH DATA ELEMENTS
- fixed length control field: 241128|| aca||babn | a|a d
040 ## - CATALOGING SOURCE
- Original cataloging agency: CBULib
150 ## - HEADING--TOPICAL TERM
- Topical term or geographic name entry element: HAZARDOUS SUBSTANCES--TRANSPORTATION--LAW AND LEGISLATION